Piłkarska kariera Mateusza Klicha. - Statystyki

Ogólne statystyki
  • Ten quiz został rozwiązany 54 razy
  • Średni wynik to 6 z 11
Statystyki odpowiedzi
Lata Drużyna % Poprawnych
2018-2018 Leeds
100%
2018-teraz Leeds
100%
2016-2017 Twente
57%
2008-2011 Cracovia
53%
2011-2013 Wolfsburg
51%
2013-2013 Wolfsburg
51%
2014-2015 Wolfsburg
51%
2013-2013 Zwolle
36%
2013-2014 Zwolle
36%
2018-2018 Utrecht
32%
2015-2016 Kaiserslautern
26%
Nie znaleziono quizów pasujących do podanych kryteriów
Rozkład punktacji
Procent ludzi z każdym wynikiem
Percentyl według liczby udzielonych odpowiedzi
Twoja historia wyników
Nie rozwiązałeś tego quizu